|
|
|
|
| LEADER |
00000nam0a2200000 4500 |
| 001 |
255289 |
| 005 |
20231101233019.0 |
| 035 |
|
|
|a (RuTPU)RU\TPU\book\277794
|
| 090 |
|
|
|a 255289
|
| 100 |
|
|
|a 20140327d1975 km y0rusy50 ca
|
| 101 |
0 |
|
|a rus
|
| 102 |
|
|
|a RU
|
| 105 |
|
|
|a a gho 001zy
|
| 200 |
1 |
|
|a Статистические задачи отработки систем и таблицы для числовых расчетов показателей надежности
|e [справочник]
|f Р. С. Судаков [и др.]
|g под ред. Р. С. Судакова
|
| 210 |
|
|
|a Москва
|c Высшая школа
|d 1975
|
| 215 |
|
|
|a 604 с.
|c табл.
|
| 320 |
|
|
|a Библиогр.: с. 56-57.
|
| 606 |
1 |
|
|a Вероятностей теория и математическая статистика
|2 stltpush
|3 (RuTPU)RU\TPU\subj\2260
|9 30847
|
| 610 |
1 |
|
|a справочники
|
| 610 |
1 |
|
|a статистические методы
|
| 610 |
1 |
|
|a надежность
|
| 610 |
1 |
|
|a теория
|
| 610 |
1 |
|
|a производственные процессы
|
| 610 |
1 |
|
|a управление
|
| 610 |
1 |
|
|a обучение
|
| 610 |
1 |
|
|a кибернетика
|
| 610 |
1 |
|
|a теория вероятностей
|
| 610 |
1 |
|
|a математическая статистика
|
| 675 |
|
|
|a 519.2(035)(083)
|v 3
|
| 701 |
|
1 |
|a Судаков
|b Р. С.
|
| 701 |
|
1 |
|a Северцев
|b Н. А.
|
| 701 |
|
1 |
|a Титулов
|b В. Н.
|
| 701 |
|
1 |
|a Чесноков
|b Ю. М.
|
| 702 |
|
1 |
|a Судаков
|b Р. С.
|4 340
|
| 801 |
|
1 |
|a RU
|b 63413507
|c 20140327
|
| 801 |
|
2 |
|a RU
|b 63413507
|c 20190408
|g RCR
|
| 942 |
|
|
|c BK
|